[Event "Titled Tuesday intern op 23rd Nov"]
[Site "Chess.com INT"]
[Date "2021.11.23"]
[Round "6"]
[White "Acsinte, Matei Ionut"]
[Black "Bodnar, Nikolay"]
[Result "0-1"]
[WhiteElo "2235"]
[BlackElo "2438"]
[PlyCount "94"]
[EventDate "2021.11.23"]
[EventType "swiss (blitz)"]
[EventRounds "11"]
[EventCountry "USA"]
[SourceTitle "CBM 205 Extra"]
[Source "ChessBase"]
[SourceDate "2022.01.31"]
[SourceVersion "1"]
[SourceVersionDate "2022.01.31"]
[SourceQuality "1"]

1. e4 c5 2. b3 b6 3. Bb2 Bb7 4. Nc3 e6 5. Nf3 a6 6. d4 cxd4 7. Nxd4 Qc7 8. Bd3 Nf6 9. 0-0 Nc6 10. Nxc6 Bxc6 11. Re1 Be7 12. e5 Nd5 13. Ne4 f5 14. exf6 gxf6 15. Qh5+ Kd8 16. Qh4 f5 17. Nf6 Rf8 18. Nxd5 Bxh4 19. Nxc7 Kxc7 20. Rad1 Bf6 21. Bxf6 Rxf6 22. f4 h5 23. g3 h4 24. Kf2 hxg3+ 25. hxg3 Rh8 26. Rd2 Rg6 27. Rg1 b5 28. Bf1 Rhg8 29. c3 d6 30. Re2 Be4 31. Re3 e5 32. fxe5 dxe5 33. Bg2 Bxg2 34. Rxg2 Kd6 35. Kf3 Ke6 36. Kf2 f4 37. Rf3 Kf5 38. Rd3 Ke4 39. Rf3 Rxg3 40. Rgxg3 Rxg3 41. Rxg3 fxg3+ 42. Kxg3 Kd3 43. Kf2 Kxc3 44. Ke3 Kb2 45. a4 Kxb3 46. axb5 axb5 47. Ke4 Kc3 0-1

[Event "Titled Tuesday intern op 23rd Nov"]
[Site "Chess.com INT"]
[Date "2021.11.23"]
[Round "5"]
[White "Acsinte, Matei Ionut"]
[Black "Pourkashiyan, Atousa"]
[Result "1-0"]
[WhiteElo "2235"]
[BlackElo "2322"]
[PlyCount "85"]
[EventDate "2021.11.23"]
[EventType "swiss (blitz)"]
[EventRounds "11"]
[EventCountry "USA"]
[SourceTitle "CBM 205 Extra"]
[Source "ChessBase"]
[SourceDate "2022.01.31"]
[SourceVersion "1"]
[SourceVersionDate "2022.01.31"]
[SourceQuality "1"]

1. e4 c5 2. b3 e6 3. Bb2 Nc6 4. Nf3 d5 5. exd5 exd5 6. Bb5 Nf6 7. Qe2+ Be6 8. Ng5 Qd7 9. Nxe6 Qxe6 10. Qxe6+ fxe6 11. d4 Rc8 12. 0-0 Kf7 13. dxc5 Bxc5 14. Nd2 Rhf8 15. a3 Kg8 16. h3 Nh5 17. Rae1 Nf4 18. Kh2 Nd4 19. Bxd4 Bxd4 20. c4 Nd3 21. Rxe6 Nxf2 22. cxd5 Rcd8 23. Ne4 Ng4+ 24. hxg4 Rxf1 25. Bxf1 a6 26. d6 Kf7 27. Bc4 Kf8 28. Bd5 b6 29. Bc6 Be3 30. Kg3 b5 31. d7 Bb6 32. Re8+ Kf7 33. Nd6+ Kf6 34. Nb7 Bc7+ 35. Kf3 b4 36. axb4 h5 37. Nxd8 hxg4+ 38. Kxg4 a5 39. Ne6 g5 40. Nxc7 axb4 41. d8Q+ Kg6 42. Qd6+ Kf7 43. Re7+ 1-0

[Event "Titled Tuesday intern op 23rd Nov"]
[Site "Chess.com INT"]
[Date "2021.11.23"]
[Round "2"]
[White "Ronka, Erik"]
[Black "Acsinte, Matei Ionut"]
[Result "1-0"]
[WhiteElo "2321"]
[BlackElo "2235"]
[PlyCount "63"]
[EventDate "2021.11.23"]
[EventType "swiss (blitz)"]
[EventRounds "11"]
[EventCountry "USA"]
[SourceTitle "CBM 205 Extra"]
[Source "ChessBase"]
[SourceDate "2022.01.31"]
[SourceVersion "1"]
[SourceVersionDate "2022.01.31"]
[SourceQuality "1"]

1. d4 Nf6 2. Nf3 e6 3. g3 b5 4. Bg2 Bb7 5. 0-0 c5 6. a4 b4 7. Bg5 Be7 8. Bxf6 Bxf6 9. c3 bxc3 10. Nxc3 cxd4 11. Nxd4 Bxg2 12. Kxg2 0-0 13. e4 Qb6 14. Ndb5 a6 15. Qd6 Qb7 16. Nd4 Qxb2 17. e5 Bxe5 18. Qxe5 Qxc3 19. Rac1 f6 20. Qe4 Qb2 21. Nxe6 dxe6 22. Qxa8 Qd4 23. Rfd1 Qxa4 24. Qb7 h5 25. h4 Kh7 26. Qe7 Qe4+ 27. Kg1 Rg8 28. Re1 Qd4 29. Qxe6 Nd7 30. Rcd1 Nc5 31. Qxg8+ Kxg8 32. Rxd4 1-0

[Event "Titled Tuesday intern op 01st Dec"]
[Site "Chess.com INT"]
[Date "2020.12.01"]
[Round "5"]
[White "Acsinte, Matei Ionut"]
[Black "Hartikainen, Jarmo"]
[Result "1-0"]
[WhiteElo "2235"]
[BlackElo "2142"]
[PlyCount "113"]
[EventDate "2020.12.01"]
[EventType "swiss (blitz)"]
[EventRounds "11"]
[EventCountry "USA"]
[SourceTitle "CBM 199 Extra"]
[Source "ChessBase"]
[SourceDate "2021.01.31"]
[SourceVersion "1"]
[SourceVersionDate "2021.01.31"]
[SourceQuality "1"]

1. e4 c5 2. b3 Nc6 3. Bb2 e5 4. f4 d6 5. Nf3 Nf6 6. Bc4 Nxe4 7. fxe5 d5 8. Bb5 Bg4 9. d3 Ng5 10. Nbd2 Be7 11. 0-0 0-0 12. h3 Bh5 13. Bxc6 bxc6 14. Qe2 Qd7 15. Rae1 a5 16. a4 Rae8 17. Qf2 Nxf3+ 18. Nxf3 Bg6 19. Bc3 Bd8 20. Qxc5 Qc7 21. Qd6 Qxd6 22. exd6 Bf5 23. Bd4 Bd7 24. Bc5 f6 25. c4 Rxe1 26. Rxe1 Kf7 27. Nd4 Re8 28. Rxe8 Bxe8 29. Kf2 dxc4 30. dxc4 Bd7 31. Ke3 g5 32. b4 f5 33. b5 cxb5 34. axb5 f4+ 35. Kf3 h5 36. b6 Bc8 37. Ba3 Bb7+ 38. Kf2 Bf6 39. Nb3 Ke8 40. c5 Kd7 41. Nxa5 Bd4+ 42. Ke2 Bxg2 43. b7 f3+ 44. Kd3 f2 45. b8Q f1Q+ 46. Kxd4 Qd1+ 47. Kc4 Qd5+ 48. Kb5 Qd3+ 49. Kb6 Qb1+ 50. Ka7 Qxb8+ 51. Kxb8 g4 52. hxg4 hxg4 53. Bc1 Bd5 54. Bf4 Kd8 55. Bg3 Kd7 56. Ka7 Be4 57. Kb6 1-0

[Event "Titled Tuesday intern op 01st Dec"]
[Site "Chess.com INT"]
[Date "2020.12.01"]
[Round "10"]
[White "Przybylski, Wojciech"]
[Black "Acsinte, Matei Ionut"]
[Result "1-0"]
[WhiteElo "2321"]
[BlackElo "2235"]
[PlyCount "47"]
[EventDate "2020.12.01"]
[EventType "swiss (blitz)"]
[EventRounds "11"]
[EventCountry "USA"]
[SourceTitle "CBM 199 Extra"]
[Source "ChessBase"]
[SourceDate "2021.01.31"]
[SourceVersion "1"]
[SourceVersionDate "2021.01.31"]
[SourceQuality "1"]

1. e4 c6 2. d4 d5 3. Nc3 g6 4. Nf3 Bg7 5. h3 dxe4 6. Nxe4 Nf6 7. Ned2 Be6 8. Bd3 Nbd7 9. 0-0 c5 10. Ng5 Bd5 11. c4 Bxg2 12. Kxg2 cxd4 13. Ngf3 e5 14. Ne4 Nxe4 15. Bxe4 Nc5 16. Bd5 0-0 17. Re1 Qd6 18. Ng5 Rae8 19. Qf3 Re7 20. b4 e4 21. Nxe4 Nxe4 22. Rxe4 Rxe4 23. Bxe4 Qxb4 24. Ba3 1-0

[Event "Titled Tuesday intern op 01st Dec"]
[Site "Chess.com INT"]
[Date "2020.12.01"]
[Round "1"]
[White "Quintiliano Pinto, Renato Rodrigues"]
[Black "Acsinte, Matei Ionut"]
[Result "1-0"]
[WhiteElo "2469"]
[BlackElo "2235"]
[PlyCount "75"]
[EventDate "2020.12.01"]
[EventType "swiss (blitz)"]
[EventRounds "11"]
[EventCountry "USA"]
[SourceTitle "CBM 199 Extra"]
[Source "ChessBase"]
[SourceDate "2021.01.31"]
[SourceVersion "1"]
[SourceVersionDate "2021.01.31"]
[SourceQuality "1"]

1. d4 Nf6 2. c4 e6 3. Nf3 a6 4. Nc3 b5 5. cxb5 axb5 6. Nxb5 Ba6 7. Nc3 c5 8. e3 Bxf1 9. Kxf1 cxd4 10. Nxd4 Bb4 11. Bd2 0-0 12. g3 d5 13. Kg2 e5 14. Nf3 Nc6 15. a3 Bc5 16. Rc1 e4 17. Nh4 Ne5 18. Nb5 Nd3 19. Rc2 Qd7 20. Nd4 Bxd4 21. exd4 g5 22. Bxg5 Ra6 23. Be3 Kh8 24. h3 Rg8 25. Kh2 Ne8 26. Rd2 f5 27. Rxd3 exd3 28. Qxd3 Rf6 29. Bf4 Ng7 30. Be5 Rh6 31. Nxf5 Rh5 32. g4 Rg5 33. Bxg7+ R5xg7 34. Nxg7 Rxg7 35. Rc1 Rf7 36. Qg3 Qb5 37. Qe5+ Kg8 38. Rc8+ 1-0

[Event "Titled Tuesday intern op 9th June"]
[Site "Chess.com INT"]
[Date "2020.06.09"]
[Round "9"]
[White "Gevorgyan, David"]
[Black "Acsinte, Matei Ionut"]
[Result "1-0"]
[WhiteElo "2316"]
[BlackElo "2235"]
[PlyCount "31"]
[EventDate "2020.06.09"]
[EventType "swiss (blitz)"]
[EventRounds "10"]
[EventCountry "USA"]
[SourceTitle "CBM 196 Extra"]
[Source "ChessBase"]
[SourceDate "2020.07.31"]
[SourceVersion "1"]
[SourceVersionDate "2020.07.31"]
[SourceQuality "1"]

1. Nf3 Nf6 2. g3 d5 3. Bg2 Bf5 4. 0-0 Nc6 5. d4 Qd7 6. Re1 Bh3 7. Bh1 h5 8. Bg5 Ne4 9. c4 dxc4 10. d5 Nb4 11. Ne5 Qf5 12. Bf4 0-0-0 13. Qd4 Nc2 14. Qxa7 Qxe5 15. Bxe5 Nxe1 16. Bxe4 1-0

[Event "Titled Tuesday intern op 26th May"]
[Site "Chess.com INT"]
[Date "2020.05.26"]
[Round "9"]
[White "Efremova, Yulia"]
[Black "Acsinte, Matei Ionut"]
[Result "1-0"]
[WhiteElo "2128"]
[BlackElo "2235"]
[PlyCount "39"]
[EventDate "2020.05.26"]
[EventType "swiss (blitz)"]
[EventRounds "10"]
[EventCountry "USA"]
[SourceTitle "CBM 196 Extra"]
[Source "ChessBase"]
[SourceDate "2020.07.31"]
[SourceVersion "1"]
[SourceVersionDate "2020.07.31"]
[SourceQuality "1"]

1. d4 Nf6 2. Bf4 e6 3. Nf3 b6 4. e3 Bb7 5. Bd3 d5 6. 0-0 Ne4 7. Nbd2 Nd7 8. c4 Be7 9. Rc1 0-0 10. cxd5 exd5 11. Bxc7 Qe8 12. Ne5 Rc8 13. Nxd7 Qxd7 14. Be5 f6 15. Bf4 Rxc1 16. Qxc1 Rc8 17. Qd1 Bb4 18. Nf3 Qc6 19. Qb3 Be7 20. Bxe4 1-0

[Event "Titled Tuesday intern op 5th May"]
[Site "Chess.com INT"]
[Date "2020.05.05"]
[Round "2"]
[White "Acsinte, Matei Ionut"]
[Black "Crispin Ferreras, Darvi Abraham"]
[Result "0-1"]
[WhiteElo "2235"]
[BlackElo "2142"]
[PlyCount "62"]
[EventDate "2020.05.05"]
[EventType "swiss (blitz)"]
[EventRounds "10"]
[EventCountry "USA"]
[SourceTitle "CBM 196 Extra"]
[Source "ChessBase"]
[SourceDate "2020.07.31"]
[SourceVersion "1"]
[SourceVersionDate "2020.07.31"]
[SourceQuality "1"]

1. d4 Nf6 2. Bf4 g6 3. Nc3 Bg7 4. e4 d6 5. Qd2 0-0 6. 0-0-0 c6 7. Bh6 Qa5 8. Kb1 Be6 9. a3 Re8 10. h4 Nbd7 11. h5 Nxh5 12. d5 cxd5 13. Rxh5 Bxc3 14. bxc3 Qxa3 15. exd5 Bg4 16. Qd4 Nf6 17. Be2 Bxh5 18. g4 Rac8 19. gxh5 Rc5 20. Bc1 Qxc3 21. Qxc3 Rxc3 22. hxg6 hxg6 23. Bb2 Rc5 24. c4 Ne4 25. Nf3 f6 26. Bd3 Nxf2 27. Bxg6 Nxd1 28. Bxe8 Nxb2 29. Kxb2 Rxc4 30. Bd7 Kg7 31. Nh4 Rxh4 0-1

[Event "Titled Tuesday intern op 5th May"]
[Site "Chess.com INT"]
[Date "2020.05.05"]
[Round "1"]
[White "Amin, Bassem"]
[Black "Acsinte, Matei Ionut"]
[Result "1-0"]
[WhiteElo "2686"]
[BlackElo "2235"]
[PlyCount "53"]
[EventDate "2020.05.05"]
[EventType "swiss (blitz)"]
[EventRounds "10"]
[EventCountry "USA"]
[SourceTitle "EXT 2021"]
[Source "ChessBase"]
[SourceDate "2020.10.23"]
[SourceVersion "1"]
[SourceVersionDate "2020.10.23"]
[SourceQuality "1"]

1. e4 c6 2. d4 d5 3. exd5 cxd5 4. c4 g6 5. Nc3 Nf6 6. Qb3 Bg7 7. cxd5 0-0 8. Be2 Nbd7 9. Bf3 Nb6 10. a4 a5 11. Nge2 Bg4 12. Bxg4 Nxg4 13. 0-0 Nf6 14. Nf4 h6 15. d6 Qxd6 16. Nxg6 Rfd8 17. Bf4 Qb4 18. Qa2 Nbd5 19. Bd2 fxg6 20. Nxd5 Qxd2 21. Rad1 Qg5 22. Nxf6+ Kh8 23. Ne4 Qf4 24. Qe6 Qf5 25. d5 Bxb2 26. Nc5 Bd4 27. Rxd4 1-0

[Event "Titled Tuesday intern op 5th May"]
[Site "Chess.com INT"]
[Date "2020.05.05"]
[Round "5"]
[White "Vlasenko, Miroslav"]
[Black "Acsinte, Matei Ionut"]
[Result "1-0"]
[WhiteElo "2431"]
[BlackElo "2235"]
[PlyCount "65"]
[EventDate "2020.05.05"]
[EventType "swiss (blitz)"]
[EventRounds "10"]
[EventCountry "USA"]
[SourceTitle "CBM 196 Extra"]
[Source "ChessBase"]
[SourceDate "2020.07.31"]
[SourceVersion "1"]
[SourceVersionDate "2020.07.31"]
[SourceQuality "1"]

1. e4 c6 2. Nc3 d5 3. Qe2 g6 4. exd5 cxd5 5. Qb5+ Bd7 6. Qxb7 Nc6 7. Nxd5 Rc8 8. Bb5 e6 9. Ne3 Nge7 10. Nf3 Bg7 11. c3 a6 12. Be2 0-0 13. Qxa6 f5 14. 0-0 e5 15. d4 e4 16. Ng5 h6 17. Qc4+ Kh8 18. Nf7+ Rxf7 19. Qxf7 Be8 20. Qb3 f4 21. Bg4 Rb8 22. Qc2 fxe3 23. Bxe3 Qd5 24. b3 h5 25. Be2 Nf5 26. Bc4 Qd6 27. Qxe4 Bd7 28. Bf4 Qf8 29. Bxb8 Qxb8 30. Rae1 Nce7 31. Be6 Bc6 32. d5 Nd6 33. Qf4 1-0

[Event "Titled Tuesday intern op 28th Apr"]
[Site "Chess.com INT"]
[Date "2020.04.28"]
[Round "7"]
[White "Maly, Alexey"]
[Black "Acsinte, Matei Ionut"]
[Result "1-0"]
[WhiteElo "2371"]
[BlackElo "2235"]
[PlyCount "29"]
[EventDate "2020.04.28"]
[EventType "swiss (blitz)"]
[EventRounds "10"]
[EventCountry "USA"]
[SourceTitle "CBM 195 Extra"]
[Source "ChessBase"]
[SourceDate "2020.05.31"]
[SourceVersion "1"]
[SourceVersionDate "2020.05.31"]
[SourceQuality "1"]

1. d4 Nf6 2. c4 e6 3. Nf3 b6 4. g3 Bb7 5. Bg2 d5 6. cxd5 exd5 7. 0-0 Nbd7 8. Nc3 Bd6 9. Nb5 Be7 10. Bf4 0-0 11. Bxc7 Qc8 12. Rc1 Ba6 13. Nd6 Bxd6 14. Bxd6 Qb7 15. Rc7 1-0

[Event "Titled Tuesday intern op 28th Apr"]
[Site "Chess.com INT"]
[Date "2020.04.28"]
[Round "5"]
[White "Romanov, Evgeny"]
[Black "Acsinte, Matei Ionut"]
[Result "1-0"]
[WhiteElo "2599"]
[BlackElo "2235"]
[PlyCount "97"]
[EventDate "2020.04.28"]
[EventType "swiss (blitz)"]
[EventRounds "10"]
[EventCountry "USA"]
[SourceTitle "CBM 195 Extra"]
[Source "ChessBase"]
[SourceDate "2020.05.31"]
[SourceVersion "1"]
[SourceVersionDate "2020.05.31"]
[SourceQuality "1"]

1. c4 c6 2. e4 d5 3. exd5 cxd5 4. cxd5 Nf6 5. Qa4+ Nbd7 6. Nc3 g6 7. Bc4 Bg7 8. Nf3 0-0 9. d3 a6 10. Qa3 Rb8 11. Bf4 Ra8 12. 0-0 Nh5 13. Be3 Rb8 14. Bb3 b5 15. Qb4 a5 16. Qh4 a4 17. Bc2 a3 18. Rab1 axb2 19. Bd4 b4 20. Ne4 Ndf6 21. Bb3 Nxd5 22. Bxg7 Nxg7 23. Bxd5 Qxd5 24. Qxe7 Qd8 25. Nf6+ Kh8 26. Qxd8 Rxd8 27. Ne5 Be6 28. Nc6 Rdc8 29. Nxb8 Rxb8 30. Rxb2 Nf5 31. Rfb1 Kg7 32. Ne4 Rd8 33. Rd2 Rb8 34. Nc5 Bd5 35. Na6 Rb5 36. Nxb4 Nd4 37. a3 Ba8 38. Rc1 Rg5 39. f4 Rg4 40. Rf2 h5 41. Kf1 h4 42. Rc4 Nf5 43. Nc2 h3 44. gxh3 Rh4 45. Rc8 Bd5 46. Rd8 Be6 47. a4 Rxh3 48. a5 Ne7 49. a6 1-0

[Event "Titled Tuesday intern op 28th Apr"]
[Site "Chess.com INT"]
[Date "2020.04.28"]
[Round "2"]
[White "Rusev, Rosen Yordanov"]
[Black "Acsinte, Matei Ionut"]
[Result "0-1"]
[WhiteElo "2352"]
[BlackElo "2235"]
[PlyCount "72"]
[EventDate "2020.04.28"]
[EventType "swiss (blitz)"]
[EventRounds "10"]
[EventCountry "USA"]
[SourceTitle "EXT 2021"]
[Source "ChessBase"]
[SourceDate "2020.10.23"]
[SourceVersion "1"]
[SourceVersionDate "2020.10.23"]
[SourceQuality "1"]

1. d4 Nf6 2. c4 e6 3. Nc3 Bb4 4. e3 0-0 5. Bd3 d5 6. Nf3 b6 7. 0-0 Ba6 8. cxd5 Bxd3 9. Qxd3 exd5 10. Rd1 Nbd7 11. a3 Bd6 12. b4 a5 13. b5 Qe7 14. a4 Bb4 15. Bb2 Qe6 16. Ne2 Ne4 17. Rac1 Bd6 18. Nf4 Bxf4 19. exf4 Qd6 20. Ne5 f6 21. Nxd7 Qxd7 22. f3 Nd6 23. Ba3 Rfe8 24. Bxd6 Qxd6 25. Rc6 Qxf4 26. Rdc1 Re3 27. Qd1 Rae8 28. Kf2 Qh4+ 29. Kf1 Qxh2 30. Rxc7 Qh1+ 31. Kf2 Re2+ 32. Qxe2 Rxe2+ 33. Kxe2 Qxg2+ 34. Ke3 Qg5+ 35. Ke2 h5 36. Rd7 Qxc1 0-1

[Event "Titled Tuesday intern op 28th Apr"]
[Site "Chess.com INT"]
[Date "2020.04.28"]
[Round "1"]
[White "Tanenbaum, Zachary Chen"]
[Black "Acsinte, Matei Ionut"]
[Result "1-0"]
[WhiteElo "2137"]
[BlackElo "2235"]
[PlyCount "57"]
[EventDate "2020.04.28"]
[EventType "swiss (blitz)"]
[EventRounds "10"]
[EventCountry "USA"]
[SourceTitle "CBM 195 Extra"]
[Source "ChessBase"]
[SourceDate "2020.05.31"]
[SourceVersion "1"]
[SourceVersionDate "2020.05.31"]
[SourceQuality "1"]

1. e4 c6 2. d4 d5 3. exd5 cxd5 4. Bd3 Nc6 5. c3 Nf6 6. Bf4 e6 7. Nf3 Bd6 8. Bg3 a6 9. a4 Qe7 10. 0-0 0-0 11. Re1 Bxg3 12. hxg3 Bd7 13. Nbd2 Rfc8 14. Ne5 Nxe5 15. dxe5 Ne8 16. Nf3 b5 17. axb5 axb5 18. Qd2 h6 19. b4 f6 20. exf6 Qxf6 21. Ne5 Rxa1 22. Nxd7 Rxe1+ 23. Qxe1 Qxc3 24. Qxe6+ Kh8 25. Ne5 Nf6 26. Nf7+ Kg8 27. Nxh6+ Kh8 28. Qg8+ Rxg8 29. Nf7# 1-0

[Event "Titled Tuesday intern op 21st April"]
[Site "Chess.com INT"]
[Date "2020.04.21"]
[Round "3"]
[White "Acsinte, Matei Ionut"]
[Black "Gatineau, Yovann"]
[Result "1/2-1/2"]
[WhiteElo "2235"]
[BlackElo "2423"]
[PlyCount "113"]
[EventDate "2020.04.21"]
[EventType "swiss (blitz)"]
[EventRounds "10"]
[EventCountry "USA"]
[SourceTitle "EXT 2021"]
[Source "ChessBase"]
[SourceDate "2020.10.23"]
[SourceVersion "1"]
[SourceVersionDate "2020.10.23"]
[SourceQuality "1"]

1. d4 d5 2. Bf4 c5 3. c3 Nc6 4. e3 Qb6 5. Na3 a6 6. Qb3 Qxb3 7. axb3 Ra7 8. Bc7 Nf6 9. Bb6 Ra8 10. Nb5 Rb8 11. Bc7 Ra8 12. dxc5 e5 13. Nd6+ Bxd6 14. Bxd6 Ne4 15. b4 Nxd6 16. cxd6 Kd7 17. b5 Na7 18. bxa6 bxa6 19. Bxa6 Nc6 20. Bxc8+ Rhxc8 21. Rd1 Kxd6 22. Nf3 Rcb8 23. c4 Ra5 24. 0-0 Rxb2 25. cxd5 Rxd5 26. e4 Rxd1 27. Rxd1+ Ke6 28. Rc1 Nd4 29. Rd1 Nxf3+ 30. gxf3 h5 31. Kg2 g5 32. h4 f6 33. Rh1 g4 34. fxg4 hxg4 35. h5 Kf7 36. Rh4 Kg7 37. Rxg4+ Kh6 38. Rg6+ Kxh5 39. Rxf6 Rb5 40. Kg3 Kg5 41. Rf5+ Kg6 42. f4 exf4+ 43. Kxf4 Rxf5+ 44. exf5+ Kf6 45. Ke4 Kf7 46. Ke5 Ke7 47. f6+ Kf7 48. Kf5 Kf8 49. Kg6 Kg8 50. Kf5 Kf7 51. Ke5 Kf8 52. Ke6 Ke8 53. Kf5 Kf7 54. Kg5 Kf8 55. Kg6 Kg8 56. f7+ Kf8 57. Kf6 1/2-1/2

[Event "Titled Tuesday intern op 21st April"]
[Site "Chess.com INT"]
[Date "2020.04.21"]
[Round "1"]
[White "Barrientos Chavarriaga, Sergio E"]
[Black "Acsinte, Matei Ionut"]
[Result "1-0"]
[WhiteElo "2457"]
[BlackElo "2235"]
[PlyCount "82"]
[EventDate "2020.04.21"]
[EventType "swiss (blitz)"]
[EventRounds "10"]
[EventCountry "USA"]
[SourceTitle "EXT 2021"]
[Source "ChessBase"]
[SourceDate "2020.10.23"]
[SourceVersion "1"]
[SourceVersionDate "2020.10.23"]
[SourceQuality "1"]

1. d4 d5 2. c4 c6 3. Nf3 Nf6 4. Nc3 a6 5. Qc2 Bg4 6. Ne5 Bh5 7. cxd5 Nxd5 8. Qb3 Ra7 9. e4 Nxc3 10. bxc3 Nd7 11. Bf4 e6 12. Bc4 Be7 13. a4 Bg6 14. Nxg6 hxg6 15. 0-0 Nf6 16. Rfe1 Nh5 17. Be3 Bg5 18. a5 Bxe3 19. Rxe3 Qc7 20. g3 Nf6 21. Be2 Ra8 22. Qb4 Nd7 23. Rb1 c5 24. Qxb7 Qxb7 25. Rxb7 Rc8 26. d5 c4 27. dxe6 fxe6 28. Bg4 Nc5 29. Rxg7 Rd8 30. Rc7 Nb3 31. Bxe6 Nxa5 32. Bxc4 Nxc4 33. Rxc4 Ke7 34. Ra4 Rd2 35. Rf3 Ra8 36. e5 Ke6 37. Rf6+ Kxe5 38. Raxa6 Rb8 39. Rae6+ Kd5 40. Rd6+ Kc4 41. Rxd2 Kxc3 1-0

[Event "Corund Ceramica op 3rd"]
[Site "Corund"]
[Date "2017.09.29"]
[Round "6"]
[White "Abramovic, Bosko"]
[Black "Acsinte, Matei Ionut"]
[Result "1-0"]
[WhiteElo "2405"]
[BlackElo "2260"]
[PlyCount "55"]
[EventDate "2017.09.26"]
[EventType "swiss"]
[EventRounds "9"]
[EventCountry "ROU"]
[SourceTitle "EXT 2018"]
[Source "ChessBase"]
[SourceDate "2017.10.13"]
[SourceVersion "1"]
[SourceVersionDate "2017.10.13"]
[SourceQuality "1"]

1. Nf3 Nf6 2. g3 b6 3. Bg2 Bb7 4. 0-0 e6 5. d3 d5 6. Nbd2 Be7 7. e4 c5 8. Qe2 Nc6 9. Re1 Nb4 10. e5 Nxc2 11. exf6 Bxf6 12. Nf1 Nxe1 13. Qxe1 0-0 14. Qe2 Re8 15. Ne5 Ba6 16. f4 Rc8 17. Nd2 b5 18. Ndf3 Be7 19. Bh3 Bd6 20. Nxf7 Kxf7 21. Ng5+ Kf6 22. Bxe6 h6 23. f5 hxg5 24. Qh5 Bf4 25. Bxf4 gxf4 26. Re1 Rc7 27. Qg6+ Ke7 28. Bf7+ 1-0

[Event "Corund Ceramica op 3rd"]
[Site "Corund"]
[Date "2017.09.27"]
[Round "3"]
[White "Acsinte, Matei Ionut"]
[Black "Miron, Lucian Costin"]
[Result "1/2-1/2"]
[WhiteElo "2260"]
[BlackElo "2487"]
[PlyCount "77"]
[EventDate "2017.09.26"]
[EventType "swiss"]
[EventRounds "9"]
[EventCountry "ROU"]
[SourceTitle "EXT 2018"]
[Source "ChessBase"]
[SourceDate "2017.10.13"]
[SourceVersion "1"]
[SourceVersionDate "2017.10.13"]
[SourceQuality "1"]

1. d4 d5 2. Bf4 Nf6 3. e3 c5 4. c3 Nc6 5. Nd2 e6 6. Bd3 Bd6 7. Bg3 e5 8. dxe5 Nxe5 9. Bxe5 Bxe5 10. Ngf3 Bc7 11. Bb5+ Kf8 12. Bd3 g6 13. 0-0 Kg7 14. e4 b6 15. Re1 Bb7 16. e5 Nd7 17. e6 fxe6 18. Rxe6 Re8 19. Qe2 Nf8 20. Rxe8 Qxe8 21. Re1 Qxe2 22. Rxe2 Bd6 23. h4 Rd8 24. Ne5 Re8 25. f4 Re7 26. Ndf3 Ne6 27. g3 c4 28. Bc2 Bc5+ 29. Kf1 b5 30. h5 d4 31. Be4 d3 32. Re1 Nd8 33. hxg6 hxg6 34. b3 b4 35. Bxb7 Nxb7 36. bxc4 bxc3 37. Nxd3 Rd7 38. Nfe5 Rc7 39. Nxc5 1/2-1/2

[Event "EU-ch U18 27th"]
[Site "Mamaia"]
[Date "2017.09.12"]
[Round "7"]
[White "Cirovic, Miroljub"]
[Black "Acsinte, Matei Ionut"]
[Result "1/2-1/2"]
[WhiteElo "2112"]
[BlackElo "2260"]
[PlyCount "96"]
[EventDate "2017.09.05"]
[EventType "swiss"]
[EventRounds "9"]
[EventCountry "ROU"]
[SourceTitle "EXT 2018"]
[Source "ChessBase"]
[SourceDate "2017.10.13"]
[SourceVersion "1"]
[SourceVersionDate "2017.10.13"]
[SourceQuality "1"]

1. d4 Nf6 2. c4 e6 3. Nf3 b6 4. g3 Bb7 5. Bg2 Be7 6. 0-0 0-0 7. Nc3 Ne4 8. Bd2 d5 9. Ne5 Na6 10. cxd5 exd5 11. Nxe4 dxe4 12. Qa4 Qd5 13. Bc3 b5 14. Qb3 Qxb3 15. axb3 Rfd8 16. Rfd1 Nb4 17. Rdc1 Nd5 18. Ba5 Bg5 19. Rc5 f6 20. Nc6 Rd6 21. Bxe4 Bxc6 22. Rxc6 Rad8 23. Rxd6 Rxd6 24. f4 Bh6 25. Bd3 g5 26. fxg5 Bxg5 27. Bxb5 Be3+ 28. Kh1 Bxd4 29. Rd1 Nb6 30. Bc3 Be5 31. Rd3 Kf7 32. Kg2 Kg6 33. Kf3 Nd5 34. Bxe5 fxe5 35. Ke4 Nb4 36. Rc3 a6 37. Be8+ Kf6 38. Rxc7 Rd2 39. Kf3 Rxb2 40. Ba4 e4+ 41. Kxe4 Rxe2+ 42. Kf3 Rxh2 43. Rc4 a5 44. Rc5 Nd3 45. Rxa5 Ne5+ 46. Ke3 Rg2 47. Kf4 Rf2+ 48. Ke3 Rg2 1/2-1/2

[Event "EU-ch U18 27th"]
[Site "Mamaia"]
[Date "2017.09.07"]
[Round "3"]
[White "Tomczak, Mikolaj"]
[Black "Acsinte, Matei Ionut"]
[Result "1-0"]
[WhiteElo "2387"]
[BlackElo "2260"]
[PlyCount "41"]
[EventDate "2017.09.05"]
[EventType "swiss"]
[EventRounds "9"]
[EventCountry "ROU"]
[SourceTitle "EXT 2018"]
[Source "ChessBase"]
[SourceDate "2017.10.13"]
[SourceVersion "1"]
[SourceVersionDate "2017.10.13"]
[SourceQuality "1"]

1. c4 Nf6 2. g3 e5 3. Bg2 Nc6 4. Nc3 Bb4 5. Nd5 Bc5 6. e3 Nxd5 7. cxd5 Nb4 8. d3 c6 9. Nf3 Qe7 10. dxc6 bxc6 11. a3 Nxd3+ 12. Qxd3 e4 13. Qc3 exf3 14. Qxg7 Rf8 15. Bxf3 Ba6 16. Bd2 Qe6 17. Rc1 Bb6 18. Qxh7 d5 19. Rc2 Rc8 20. Qh4 Bxe3 21. fxe3 1-0

[Event "EU-ch U18 27th"]
[Site "Mamaia"]
[Date "2017.09.05"]
[Round "1"]
[White "Costachi, Mihnea"]
[Black "Acsinte, Matei Ionut"]
[Result "1/2-1/2"]
[WhiteElo "2418"]
[BlackElo "2260"]
[PlyCount "52"]
[EventDate "2017.09.05"]
[EventType "swiss"]
[EventRounds "9"]
[EventCountry "ROU"]
[SourceTitle "CBM 180 Extra"]
[Source "ChessBase"]
[SourceDate "2017.10.06"]
[SourceVersion "1"]
[SourceVersionDate "2017.10.06"]
[SourceQuality "1"]

1. d4 Nf6 2. c4 e6 3. Nf3 b6 4. g3 Bb7 5. Bg2 Be7 6. 0-0 0-0 7. Re1 d5 8. Nc3 dxc4 9. e4 Nc6 10. Bf4 Nb4 11. Bf1 Nd3 12. Bxd3 cxd3 13. Qxd3 Nh5 14. Bd2 c5 15. Rad1 cxd4 16. Qxd4 Bc5 17. Qe5 Nf6 18. Bh6 Qb8 19. Be3 Qxe5 20. Nxe5 Bxe3 21. Rxe3 Rfd8 22. Rxd8+ Rxd8 23. f3 Ba6 24. Nc6 Rd2 25. b3 h5 26. a4 Bb7 1/2-1/2